| 000 | 00750nam a2200229 4500 | ||
|---|---|---|---|
| 003 | DO-SdBNP | ||
| 005 | 20240530073937.0 | ||
| 008 | 210702b ||||| |||| 00| 0 eng d | ||
| 020 | _a9789945609318 | ||
| 040 | 4 |
_aDO-SdBNP _bspa _cBNPHU |
|
| 082 | 4 |
_aRD863. 5 _bG373p _222 |
|
| 100 | 1 |
_aGermán, Adela, _d1971- _979091 |
|
| 245 | 1 | 1 |
_aEl paraguas de Dios y otros relatos / _c Adela Germán |
| 260 |
_aSanto Domingo : _bSantuario, _c2018. |
||
| 300 |
_a84 p. : _bil. ; _c23 cm. |
||
| 500 | _aIncluye datos biográficos de la autora en la solapa de la cubierta | ||
| 590 | _aInventariado, 2021 S/A | ||
| 650 | 0 |
_aEnsayos dominicanos _965 |
|
| 650 | 4 | _aLiteratura dominicana | |
| 910 | _aS/A/Validado. Control de calidad MFF | ||
| 942 |
_2ddc _cLBS1 |
||
| 999 |
_c50045 _d50045 |
||